Tytuły - Skoki Narciarskie - Statystyki

Ogólne statystyki
  • Ten quiz został rozwiązany 60 razy
  • Średni wynik to 111 z 184
Statystyki odpowiedzi
Hint Odpowiedź % Poprawnych
IO 2014 | IO 2018 | MŚ 2013 | +5 others Kamil Stoch
100%
MŚ 2001 | MŚ 2003 | MŚ 2007 | +5 others Adam Małysz
96%
MŚ 2019 | TCS 2019/20 Dawid Kubacki
92%
MŚ 2025 Domen Prevc
92%
MŚwL 2016 | PŚ 2015/16 | TCS 2015/16 Peter Prevc
92%
MŚ 2021 | MŚ 2023 Piotr Żyła
92%
IO 2022 | PŚ 2018/19 | PŚ 2021/22 | +3 others Ryoyu Kobayashi
88%
MŚ 2017 | MŚ 2021 | MŚwL 2024 | +4 others Stefan Kraft
88%
MŚ 1997 | MŚ 2005 | PŚ 2003/04 | +6 others Janne Ahonen
81%
PŚ 2020/21 | PŚ 2022/23 | TCS 2022/23 Halvor Egner Granerud
79%
PŚ 2024/25 | TCS 2024/25 Daniel Tschofenig
77%
IO 2002 | IO 2010 | MŚ 2007 | +2 others Simon Ammann
77%
IO 2018 Andreas Wellinger
75%
MŚ 2011 | MŚwL 2008 | PŚ 2008/09 | +3 others Gregor Schlierenzauer
73%
IO 2022 | MŚ 2025 | MŚwL 2022 Marius Lindvik
71%
IO 2006 | MŚ 2011 | PŚ 2007/08 | +2 others Thomas Morgenstern
71%
MŚwL 1992 Noriaki Kasai
69%
MŚwL 2020 Karl Geiger
67%
MŚ 1999 | MŚ 2001 | PŚ 1998/99 | PŚ 1999/00 Martin Schmitt
67%
PŚ 2005/06 | TCS 2005/06 Jakub Janda
65%
MŚ 2015 | MŚwL 2014 | PŚ 2014/15 Severin Freund
65%
MŚwL 2000 | MŚwL 2002 | TCS 2001/02 Sven Hannawald
65%
MŚ 2023 Timi Zajc
63%
MŚ 2013 | PŚ 2011/12 Anders Bardal
60%
IO 1984 | IO 1988 | MŚ 1982 | +7 others Matti Nykanen
60%
MŚwL 2012 Robert Kranjec
60%
TCS 2009/10 Andreas Kofler
58%
MŚwL 1996 | PŚ 1992/93 | PŚ 1994/95 | +3 others Andreas Goldberger
56%
MŚwL 2018 Daniel Andre Tande
56%
PŚ 1996/97 | PŚ 1997/98 | TCS 1996/97 Primoz Peterka
56%
IO 1998 | MŚ 1999 | MŚwL 1998 | TCS 1997/98 Kazuyoshi Funaki
54%
MŚ 2019 Markus Eisenbichler
54%
TCS 2006/07 Anders Jacobsen
52%
MŚ 2009 | TCS 2008/09 Wolfgang Loitzl
50%
MŚ 2015 Rune Velta
46%
TCS 2013/14 Thomas Diethart
46%
IO 1984 | IO 1994 | MŚ 1985 | +6 others Jens Weissflog
44%
MŚwL 2004 | MŚwL 2006 Roar Ljokelsoy
40%
TCS 2003/04 Sigurd Pettersen
40%
IO 1992 | PŚ 1991/92 | TCS 1991/92 Toni Nieminen
40%
MŚ 2009 Andreas Kuttel
38%
MŚ 1982 | PŚ 1980/81 | PŚ 1981/82 Armin Kogler
38%
MŚ 1993 | MŚ 1997 Masahiko Harada
38%
MŚ 2005 Rok Benkovic
38%
IO 2006 Lars Bystol
37%
MŚ 1987 | MŚwL 1986 | PŚ 1990/91 Andreas Felder
33%
PŚ 1989/90 Ari Pekka Nikkola
33%
IO 1994 | MŚ 1993 | PŚ 1993/94 | TCS 1993/94 Espen Bredesen
33%
TCS 1999/00 Andreas Widholzl
31%
PŚ 1988/89 Jan Boklov
31%
MŚ 1995 Tommy Ingebrigtsen
31%
PŚ 1979/80 | TCS 1979/80 | TCS 1980/81 Hubert Neuper
29%
MŚwL 1990 | TCS 1989/90 Dieter Thoma
27%
MŚ 1995 Takanoku Okabe
27%
IO 1998 Jani Soininen
23%
MŚwL 1994 Jaroslav Sakala
23%
PŚ 1986/87 Vegard Opaas
21%
MŚ 1991 Heinz Kuttin
19%
IO 1992 | TCS 1985/86 | TCS 1986/87 Ernst Vettori
17%
IO 1980 Toni Innauer
17%
MŚ 1989 | MŚwL 1981 Jari Puikkonen
13%
MŚ 1987 Jiri Parma
10%
MŚ 1991 Franci Petek
8%
MŚwL 1983 Klaus Ostwald
8%
TCS 1988/89 Risto Laakkonen
8%
IO 1980 Jouko Tormanen
6%
TCS 1981/82 Manfred Deckert
6%
MŚ 1985 Per Bergerud
6%
MŚwL 1988 Ole Gunnar Fidjestol
4%
Nie znaleziono quizów pasujących do podanych kryteriów
Rozkład punktacji
Procent ludzi z każdym wynikiem
Percentyl według liczby udzielonych odpowiedzi
Twoja historia wyników
Nie rozwiązałeś tego quizu